[Event "GER-chT School WK H+R"]
[Site "Playchess.com INT"]
[Date "2020.06.17"]
[Round "7.1"]
[White "Menskes, Maxime"]
[Black "Paqarizi, Endrit"]
[Result "0-1"]
[WhiteElo "1369"]
[BlackElo "1791"]
[PlyCount "54"]
[EventDate "2020.06.10"]
[EventType "team-swiss (blitz)"]
[EventRounds "7"]
[EventCountry "GER"]
[SourceTitle "EXT 2021"]
[Source "ChessBase"]
[SourceDate "2020.10.23"]
[SourceVersion "1"]
[SourceVersionDate "2020.10.23"]
[SourceQuality "1"]
[WhiteTeam "Bad Krozingen Max Planck"]
[BlackTeam "Hasbergen Oberschule"]
[WhiteTeamCountry "GER"]
[BlackTeamCountry "GER"]

1. e4 c5 2. Qh5 e6 3. Nc3 Qc7 4. Nf3 Nc6 5. Ng5 Ne5 6. d3 Nf6 7. Qh3 d5 8. exd5 exd5 9. Bf4 Bxh3 10. Bxe5 Qxe5+ 11. Be2 Bxg2 12. Rg1 Qxg5 13. Bf3 Qe5+ 14. Be2 Bf3 15. 0-0-0 d4 16. Bxf3 dxc3 17. b3 0-0-0 18. Bxb7+ Kxb7 19. Rde1 Qf4+ 20. Kb1 Bd6 21. Re3 g6 22. Rge1 Rhe8 23. a4 Rxe3 24. Rxe3 Qxf2 25. Rg3 Qe1+ 26. Ka2 Qc1 27. Rxg6 Qb2# 0-1